Technical Marketing Communication: A Guide to Writing, Design, and Delivery (Record no. 43611)
[ view plain ]
| 000 -LEADER | |
|---|---|
| fixed length control field | 00622nam a22001937a 4500 |
| 005 - DATE AND TIME OF LATEST TRANSACTION | |
| control field | 20250416145237.0 |
| 008 - FIXED-LENGTH DATA ELEMENTS--GENERAL INFORMATION | |
| fixed length control field | 250410b |||||||| |||| 00| 0 eng d |
| 020 ## - INTERNATIONAL STANDARD BOOK NUMBER | |
| International Standard Book Number | 9781637424346 |
| 041 ## - LANGUAGE CODE | |
| Language code of text/sound track or separate title | eng |
| 082 ## - DEWEY DECIMAL CLASSIFICATION NUMBER | |
| Classification number | 658.804 TOW |
| 100 ## - MAIN ENTRY--PERSONAL NAME | |
| Author | Towner, Emil B |
| 245 ## - TITLE STATEMENT | |
| Title | Technical Marketing Communication: A Guide to Writing, Design, and Delivery |
| 250 ## - EDITION STATEMENT | |
| Edition statement | 2nd |
| 260 ## - PUBLICATION, DISTRIBUTION, ETC. | |
| Place | New York |
| Publisher | Business Expert Press |
| Publication Year | 2023 |
| 300 ## - PHYSICAL DESCRIPTION | |
| Extent | 143;. pages; 23 cm |
| 650 ## - SUBJECT ADDED ENTRY--TOPICAL TERM | |
| Subject | Communication of Technical Information; Technological Innovations; Marketing; Communication in Marketing |
| 700 ## - ADDED ENTRY--PERSONAL NAME | |
| Co-Author | Everett, Heidi L. |
| 942 ## - ADDED ENTRY ELEMENTS (KOHA) | |
| Koha item type | Books |
| Withdrawn status | Lost status | Source of classification or shelving scheme | Damaged status | Not for loan | Home library | Current library | Shelving location | Accession Date | Vendor | Price | Bill number | Total Checkouts | Full call number | Barcode No | Date last seen | Date last checked out | Discount | Bill Date | Koha item type | Suggested By |
|---|---|---|---|---|---|---|---|---|---|---|---|---|---|---|---|---|---|---|---|---|
| Dewey Decimal Classification | IMTN | IMTN | Rack 36-A | 03/28/2025 | Raghav Books Private Limited | 2869.50 | 2374 | 1 | 658.804 TOW | 33887 | 10/15/2025 | 07/03/2025 | 33 | 02/14/2025 | Books | Mr. Shridhar Rao |